000 00568nam a2200205Ia 4500
005 20250923150042.0
008 008 250917s9999 xx 000 0 eng d
037 _aTextual
040 _aDSWL
_beng
_cDSWL
041 _aeng
_2eng
084 _aa494,54, P00
_qDSWL
100 _aBrause, R.S.
_9841691
245 0 _aWriting your doctoral dissertation
_c by R.S. Brause
260 _aLondon
_b Falmer Press
_c2000
300 _a163 p.
365 _aINR
_b1080.78
925 _g1080.78
942 _cTEXL
_ha494,54, P00
999 _c1459001
_d1459001